| 000 | 00720nam a2200241 a 4500 | ||
|---|---|---|---|
| 001 | 81930 | ||
| 003 | BD-RjUL | ||
| 005 | 20230918111345.0 | ||
| 008 | 230918r20222021ii ||||| |||| 00| 0 eng d | ||
| 020 | _a9789351452102 | ||
| 035 | _a(BD-RjUL)81930 | ||
| 040 |
_aBD-RjUL _beng _cBD-RjUL |
||
| 041 | _aeng | ||
| 082 |
_223 _a345.5405 _bPIR 2022 |
||
| 100 |
_aPillai, K. N. Chandrasekharan _99021 |
||
| 245 |
_aR.V. Kelkar's criminal procedure / _cK. N. Chandrasekharan Pillai, R. V. Kelkar |
||
| 250 | _a7th ed. | ||
| 260 |
_aLucknow : _bEastern Book Co., _c2021 [reprint 2022] |
||
| 300 |
_a944 p.: _bill.; _c25 cm. |
||
| 650 |
_aCriminal procedure _zIndia _93661 |
||
| 700 |
_aKelkar, R. V. _99022 |
||
| 942 |
_2ddc _cBK |
||
| 999 |
_c81930 _d81930 |
||